A true and genuine account of the whole transaction between Alexander M'Donald, and William Neilson, of New-York, merchants.

Bibliographic Details
Main Author: M'Donald, Alexander
Format: eBook
Language:English
Published: [New York] : [publisher not identified], [1769]
Series:Early American imprints. Evans (1639-1800) ; no. 11318.
Subjects:
Online Access:Evans Digital Edition

MARC

Tag First Indicator Second Indicator Subfields
LEADER 00000cam a22000001a 4500
001 in00002139803
006 m e d #
007 cr mn mmmmabba
008 860415s1769 nyu s 000 0 eng d
005 20260331150850.8
035 |z w020804 
035 |a MAAR8604153906B 
035 |9 mwa91-14758 
035 |a 323697 
035 |a aas03020804 
040 |a MWA  |c MWA  |e bdrb  |d UtOrBLW 
100 1 |a M'Donald, Alexander. 
245 1 2 |a A true and genuine account of the whole transaction between Alexander M'Donald, and William Neilson, of New-York, merchants. 
264 1 |a [New York] :  |b [publisher not identified],  |c [1769] 
300 |a 4 pages 
336 |a text  |b txt  |2 rdacontent 
337 |a computer  |b c  |2 rdamedia 
338 |a online resource  |b cr  |2 rdacarrier 
500 |a Signed on page 4: New-York, Dec. 16, 1769. Alexander M'Donald. 
510 4 |a Evans  |c 11318 
530 |a Microform version available in the Readex Early American Imprints series. 
533 |a Electronic text and image data.  |b [Chester, Vt. :  |c Readex, a division of Newsbank, Inc.,  |d 2002-2004.  |e Includes files in TIFF, GIF and PDF formats with inclusion of keyword searchable text.  |f (Early American imprints. First series ; no. 11318). 
500 |a Electronic resource. 
600 1 0 |a M'Donald, Alexander. 
600 1 0 |a Neilson, William,  |d 1736 or 1737-1820. 
651 0 |a New York (N.Y.)  |x Commerce. 
752 |a United States  |b New York  |d New York. 
830 0 |a Early American imprints.  |n Series I,  |p Evans (1639-1800) ;  |v no. 11318. 
856 4 1 |u http://proxy.library.tamu.edu/login?url=https://opac.newsbank.com/select/evans/11318  |y Evans Digital Edition  |t 0 
999 |a MARS 
999 f f |s 6fbd6f50-2e30-37ec-8026-b3bc3c6214b4  |i 8de7e9fd-63e5-3a19-8db5-0dc2eaabb941  |t 0 
952 f f |a Texas A&M University  |b College Station  |c Electronic Resources  |s www_evans  |d Available Online  |t 0  |h No information provided 
998 f f |t 0  |l Available Online